INDIA SINCE INDEPENDENCE (Record no. 34432)

MARC details
000 -LEADER
fixed length control field 00285nam a22001337a 4500
003 - CONTROL NUMBER IDENTIFIER
control field SGT
020 ## - INTERNATIONAL STANDARD BOOK NUMBER
International Standard Book Number 9780143104094
082 ## - DEWEY DECIMAL CLASSIFICATION NUMBER
Classification number 954.04
Item number CHA
100 ## - MAIN ENTRY--PERSONAL NAME
Personal name CHANDRA BIPAN
245 ## - TITLE STATEMENT
Title INDIA SINCE INDEPENDENCE
260 ## - PUBLICATION, DISTRIBUTION, ETC. (IMPRINT)
Place of publication, distribution, etc GURUGRAM
Name of publisher, distributor, etc PENGUIN
Year of Publication 2008
300 ## - PAGE DESCRIPTION
No. of Pages 772
942 ## - ADDED ENTRY ELEMENTS (KOHA)
Source of classification or shelving scheme Dewey Decimal Classification
Koha item type Books
Holdings
Withdrawn status Lost status Source of classification or shelving scheme Damaged status Not for loan Collection code Home library Current library Shelving location Date acquired Vendor Name Cost, normal purchase price SGTU Bill Number Total Checkouts Full call number Accession No. (Barcode) Date last seen Bill Date Koha item type
    Dewey Decimal Classification     LAW SGT Science & Social Sciences Library SGT Science & Social Sciences Library Text Book 24/03/2026 ZAFFA BOOKS 499.00 SGTU ZBD0484   954.04 CHA FL4202 24/03/2026 11/03/2026 Books